España, Flandes y el Mar del Norte (1618-1639) (Record no. 21463)

MARC details
000 -LEADER
campo de control de longitud fija 00794nam a2200205 i 4500
001 - NÚMERO DE CONTROL
campo de control 21463
003 - IDENTIFICADOR DE NÚMERO DE CONTROL
campo de control ES-MaACL
005 - FECHA Y HORA DE LA ÚLTIMA TRANSACCIÓN
campo de control 20250731014852.0
007 - CAMPO FIJO DE DESCRIPCIÓN FÍSICA--INFORMACIÓN GENERAL
campo de control de longitud fija t|
008 - DATOS DE LONGITUD FIJA--INFORMACIÓN GENERAL
campo de control de longitud fija 021125s1975 sp ||||1| spa d
100 1# - ENTRADA PRINCIPAL--NOMBRE DE PERSONA
Nombre de persona Alcalá-Zamora, José,
Fechas asociadas al nombre 1939-2019
9 (RLIN) 19471
245 10 - MENCIÓN DEL TÍTULO
Título España, Flandes y el Mar del Norte (1618-1639)
Resto del título : la última ofensiva europea de los Austrias madrileños /
Mención de responsabilidad, etc. José Alcalá-Zamora y Queipo de Llano.
260 ## - PUBLICACIÓN, DISTRIBUCIÓN, ETC.
Lugar de publicación, distribución, etc. Barcelona :
Nombre del editor, distribuidor, etc. Planeta,
Fecha de publicación, distribución, etc. [1975]
300 ## - DESCRIPCIÓN FÍSICA
Extensión 556 p. :
Otras características físicas il., 1 map. pleg. ;
Dimensiones 21 cm.
651 #4 - PUNTO DE ACCESO ADICIONAL DE MATERIA--NOMBRE GEOGRÁFICO
Nombre geográfico España-
Subdivisión general Política exterior-
Subdivisión cronológica 1621-1665.
9 (RLIN) 155122
651 #4 - PUNTO DE ACCESO ADICIONAL DE MATERIA--NOMBRE GEOGRÁFICO
Nombre geográfico España-
Subdivisión general Historia-
Subdivisión cronológica 1621-1665, Felipe IV.
9 (RLIN) 8235
651 #4 - PUNTO DE ACCESO ADICIONAL DE MATERIA--NOMBRE GEOGRÁFICO
Nombre geográfico España-
Subdivisión general Relaciones-
Subdivisión geográfica Países Bajos
9 (RLIN) 8474
852 ## - LOCALIZACIÓN
Ubicación ES-MaACL
Número de control de estantería E-9526
Sublocalización o colección R.94288
Holdings
Estatus retirado Estado de pérdida Estado de daño No para préstamo Biblioteca de origen Biblioteca actual Ubicación en estantería Fecha de adquisición Fuente de adquisición Total de préstamos Signatura topográfica completa Código de barras Visto por última vez Precio de reemplazo Tipo de ítem Koha
        Biblioteca del Ateneo de Madrid Biblioteca del Ateneo de Madrid Depósito 2 17/01/2008     E-9526 1022055 23/02/2023 23/02/2023 Libro impreso